000 00446nam a22001097a 4500
082 _a8910433/AMI
100 _aमीतल, शुचिता
_983011
245 _aआमिश एवं भावना राय मूर्ति पूजा तथ्य और आस्था का संगम
260 _aगुरुग्राम
_bहार्पर कौलीनस
_c2024
650 _aउपन्यास
942 _cHIN
999 _c67759
_d67759